Características del lenguaje de los sms

Na minha lista:
Detalhes bibliográficos
Autor principal: Spišiaková, Mária, 1973-
Formato: Capítulo de Livro
Idioma:espanhol
Tags: Adicionar Tag
Sem tags, seja o primeiro a adicionar uma tag!

MARC

LEADER 00000naa$a2200000$$$4500
001 0200466
005 20240502073405.4
041 0 |a spa 
044 |a SK 
245 1 0 |a Características del lenguaje de los sms  |c Mária Spišiaková 
100 1 |a Spišiaková, Mária, 1973-